[Event "IIFL Wealth 4th Mumbai GM"]
[Site "Mumbai"]
[Date "2019.01.02"]
[Round "4"]
[White "Aleksandrov, Aleksej"]
[Black "Sardana, Rishi"]
[Result "1/2-1/2"]
[WhiteElo "2590"]
[BlackElo "2398"]
[Annotator "TA"]
[PlyCount "122"]
[EventDate "2018.12.30"]
[EventType "swiss"]
[EventCountry "IND"]
[SourceTitle "playchess.com"]
[Source "ChessBase"]
[SourceQuality "1"]

{[%evp 17,122,0,18,-2,-5,-10,0,-11,0,-12,-8,-6,14,-9,10,10,9,0,0,-2,-1,-54,0,-13,0,-18,-19,-24,0,0,0,-1,0,-4,0,-9,-9,-4,-11,-9,0,0,0,-7,3,0,0,0,0,0,0,0,0,0,0,0,0,0,0,0,0,0,0,0,0,0,5,0,0,0,0,0,0,0,0,0,0,0,0,0,0,0,0,0,0,0,0,0,0,0,0,-79,-85,-203,0,0,0,0,0,0,0,0,0,0,0,0,0]} 1. Nf3 d5 2. c4 e6 3. d4 Nf6 4. Nc3 Bb4 5. Qa4+ Nc6 {[%cal Bb8c6,Bc6e5,Be5f3][%mdl 32]} 6. e3 O-O 7. Bd2 dxc4 {D38: Queen's Gambit Declined: Ragozin Defence (4 Nf3 Bb4)} 8. Bxc4 Bd6 9. Rd1 e5 {LiveBook: 8 Games} 10. dxe5 Nxe5 11. Be2 $146 ({Predecessor:} 11. Nxe5 Bxe5 12. Ne2 Qe7 13. Bc3 Bg4 14. Bxe5 Qxe5 15. O-O {1-0 (52) Volkov,S (2640)-Moiseenko,A (2630) Sochi 2007}) 11... Qe7 12. Qc2 Nxf3+ 13. Bxf3 c6 14. Ne2 g6 15. Ng3 Re8 16. Bc3 Be5 17. O-O Qc5 18. Rc1 Bxc3 19. Qb1 ({White should play} 19. bxc3 $11 Bg4 20. Bxg4 Nxg4 21. h3) 19... h5 (19... Rxe3 $5 20. fxe3 Qxe3+ 21. Kh1 Ba5 $15) 20. Rxc3 Qe5 21. Rc4 Bg4 22. Bxg4 Nxg4 23. Re4 Qc7 24. Rf4 Rad8 25. b4 Re6 26. h3 Nf6 27. Rd1 Rxd1+ 28. Qxd1 Rd6 29. Rd4 Rd5 30. a3 Qd6 31. Ne2 Rxd4 32. Qxd4 Qxd4 33. Nxd4 $11 {[%mdl 4096] Endgame KN-KN} Kf8 34. Kf1 Ke7 35. Ke2 Kd6 36. Kd3 Nd7 37. f4 a6 38. e4 c5 39. Nf3 b5 40. g4 hxg4 41. hxg4 Kc6 42. g5 Kd6 43. Nh2 Nf8 44. Ng4 Ne6 45. Ke3 c4 46. Nf2 Ng7 47. Nd1 Ne6 48. Nc3 Kc6 49. e5 Ng7 50. Ke4 Nf5 51. e6 fxe6 52. Ke5 Kd7 53. Kf6 Ne7 54. Ne4 (54. Ne2 $11) 54... Nd5+ $17 55. Kxg6 (55. Ke5 $17) 55... Nxf4+ $2 (55... Ke7 $19 {Strongly threatening ...c3.} 56. f5 exf5 57. Kxf5 c3) 56. Kf7 $11 {[#] Black must now prevent g6.The position is equal.} Kc6 {Hoping for ...Kd5.} 57. Nc3 {Threatens to win with g6.} Kd6 $1 {[%cal Rd6e5]} 58. Kf6 Nh5+ 59. Kg6 Nf4+ 60. Kf6 Nh3 {And now ...Nf4 would win.} 61. g6 Nf4 $1 {Precision: White = 60%, Black = 69%.} 1/2-1/2

[Event "IIFL Wealth 4th Mumbai GM"]
[Site "Mumbai"]
[Date "2019.01.02"]
[Round "4"]
[White "Stupak, Kirill"]
[Black "Mahalakshmi D M"]
[Result "1-0"]
[WhiteElo "2557"]
[BlackElo "1145"]
[Annotator "TA"]
[PlyCount "73"]
[EventDate "2018.12.30"]
[EventType "swiss"]
[EventCountry "IND"]
[SourceTitle "playchess.com"]
[Source "ChessBase"]
[SourceQuality "1"]

{[%evp 18,73,63,40,77,76,91,90,87,88,104,111,158,108,99,106,191,197,223,219,231,235,294,295,291,317,356,356,356,356,356,356,356,356,439,436,480,460,591,585,578,577,775,603,589,522,555,542,1018,945,1207,1201,29973,11137,29987,29987,29986,2029]} 1. d4 Nf6 2. c4 e6 3. Nf3 Bb4+ 4. Bd2 a5 5. g3 b6 6. Bg2 Bb7 7. O-O O-O 8. Bf4 Be7 9. Qc2 {E16: Queen's Indian: 4 g3 Bb7 5 Bg2 Bb4+} (9. Nc3 Ne4 10. Nb5 c6 11. Nc7 Ra7 12. Qb3 d6 13. Qxb6 Nd7 14. Qxa7 Qxc7 15. d5 c5 16. dxe6 Nb8 17. Nd4 cxd4 18. Bxe4 {1-0 (28) Xiong,J (2651)-Le,Q (2715) chess.com INT 2018}) 9... d6 10. Nc3 {LiveBook: 7 Games} Nbd7 11. e4 {White is better.} Nh5 12. Be3 e5 $146 ({Predecessor:} 12... f5 13. exf5 exf5 14. d5 Nc5 15. Rae1 f4 16. Bc1 Qd7 17. g4 {1-0 (31) Lekic,D (2360)-Alexakis,G (2061) Heraklion 2016}) 13. Rad1 exd4 14. Nxd4 Bf6 15. Nd5 Bxd4 16. Bxd4 Bxd5 (16... Nhf6 $16 {is a better defense.}) 17. cxd5 $18 ({Don't do} 17. exd5 Re8 $16) 17... Nhf6 18. f4 {[%cal Bf2f4,Bf4f5][%mdl 32]} Re8 19. Rfe1 Nf8 20. e5 {[%cal Be4e5,Be5e6][%mdl 32]} N6d7 21. e6 Nc5 22. f5 f6 23. Bf1 Qe7 24. Bb5 Reb8 25. b3 Na6 26. a3 {[%cal Ba2a3,Ba3a4][%mdl 32]} h6 27. Rc1 c5 28. dxc6 Nc7 29. a4 Nd5 30. Qg2 Nc7 31. Red1 g6 32. Qb2 gxf5 33. Bxf6 Qxe6 34. Re1 Qc8 35. Re7 {[#] White threatens Qd2 and mate.} Nfe6 36. Bc4 d5 37. Bd3 {Precision: White = 86%, Black = 17%.} (37. Qe5 $142 f4 38. Qf5 Ng7 39. Qg6 Qf8 40. Rxg7+ Kh8 41. Qxh6#) 1-0

[Event "IIFL Wealth 4th Mumbai GM"]
[Site "Mumbai"]
[Date "2019.01.02"]
[Round "4"]
[White "Tran, Tuan Minh"]
[Black "Raghunandan, Kaumandur Srihari"]
[Result "1-0"]
[WhiteElo "2524"]
[BlackElo "2378"]
[Annotator "TA"]
[PlyCount "77"]
[EventDate "2018.12.30"]
[EventType "swiss"]
[EventCountry "IND"]
[SourceTitle "playchess.com"]
[Source "ChessBase"]
[SourceQuality "1"]

{[%evp 21,76,47,36,16,12,0,0,-4,20,0,0,0,0,0,23,31,31,0,0,-14,-5,-22,-22,-50,-52,-51,-7,-107,-103,-102,-109,-104,0,0,0,0,0,-63,243,239,243,239,362,290,384,276,852,818,1240,1177,29989,29990,29990,29991,29998,29999,29999]} 1. d4 Nf6 2. c4 g6 3. Nc3 Bg7 4. e4 d6 5. Be2 O-O 6. Be3 c5 7. d5 e6 8. Nf3 {E73: King's Indian: Averbakh Variation without 6...c5} exd5 9. cxd5 Bg4 10. O-O Bxf3 11. Bxf3 Nbd7 {LiveBook: 3 Games} 12. Re1 $146 ({Predecessor:} 12. a4 a6 13. a5 Ne8 14. Qa4 Nc7 15. Rfe1 Rb8 16. Rac1 b5 17. axb6 Rxb6 18. Qc2 Qe7 19. Bg4 Nf6 20. Bh3 Rfb8 {½-½ (31) Xu,Y (2523)-Zhao,J (2634) Xinghua 2016}) 12... Re8 13. h3 a6 14. a4 Rb8 15. Bf4 Ne5 16. Be2 c4 17. a5 b5 18. axb6 $1 Qxb6 19. Ra2 Nfd7 20. Be3 Nc5 21. Na4 Qb3 22. Bxc5 {Hoping for Qxb3.} Qxa2 23. Bxd6 Rb5 {Threatens to win with ...Nd3.} 24. Ba3 (24. Nc3 $11 Qxb2 25. Nxb5 axb5 26. Qb1) 24... Nd3 $17 25. Bxd3 cxd3 26. Re3 {[#]} Qc4 (26... Rb3 $1 $17 27. d6 Be5) 27. Rxd3 $11 Rxe4 ({But not} 27... Qxe4 $2 28. Re3 $18) 28. b3 $1 {[%cal Rb3c4]} Qc8 29. d6 (29. g4 $11) 29... Rbe5 $2 {[%mdl 8192]} (29... Qe8 $15 {stays ahead.} 30. Kh2 {[#]} Rd4 $1 {[%mdl 576] Decoy} 31. Rxd4 Qe5+ {[%mdl 64] Double Attack} 32. g3 Qxd4) 30. d7 $18 {[%mdl 1024] White has strong compensation.} Qd8 31. Qc2 Bf6 (31... Re1+ {keeps fighting.} 32. Kh2 Rb5) 32. Bb2 Re1+ 33. Kh2 Kg7 $2 (33... R5e2 34. Qxe2 (34. Bxf6 Qb8+ 35. f4 Qxf4+ 36. Rg3 Qxf6 $15) 34... Qb8+ 35. g3 Rxe2 36. Bxf6 Rxf2+ 37. Kg1 Rxf6 38. d8=Q+ Qxd8 39. Rxd8+ Kg7) 34. Qc8 Kh6 35. f4 R5e3 36. Bxf6 {[%mdl 64] Overworked Piece. White mates.} Qxf6 37. Qf8+ Kh5 38. g4+ Kh4 39. Qh6# {Accuracy: White = 51%, Black = 40%.} 1-0

[Event "IIFL Wealth 4th Mumbai GM"]
[Site "Mumbai"]
[Date "2019.01.02"]
[Round "4"]
[White "Mosadeghpour, Masoud"]
[Black "Varshini, V."]
[Result "1-0"]
[WhiteElo "2520"]
[BlackElo "2171"]
[Annotator "TA"]
[PlyCount "81"]
[EventDate "2018.12.30"]
[EventType "swiss"]
[EventCountry "IND"]
[SourceTitle "playchess.com"]
[Source "ChessBase"]
[SourceQuality "1"]

{[%evp 17,81,14,8,33,30,40,33,0,9,6,7,-25,19,-12,-7,-61,-17,-53,-30,-52,48,56,88,28,37,32,47,31,37,0,33,37,123,119,121,84,91,87,121,118,120,48,121,111,116,112,120,120,119,116,122,62,62,52,134,116,210,220,262,262,375,377,609,614,582,160]} 1. e4 c5 2. Nf3 d6 3. d4 cxd4 4. Nxd4 Nf6 5. Nc3 a6 6. Bg5 e6 7. Qf3 Be7 8. O-O-O Nbd7 9. g4 {B95: Sicilian Najdorf: 6 Bg5 e6, unusual White 7th moves} Qc7 {LiveBook: 7 Games} 10. Bd2 Ne5 (10... h6 11. a3 g6 12. Be2 e5 13. Nb3 Nb6 14. Qg2 Be6 15. f4 O-O-O 16. f5 gxf5 17. gxf5 {½-½ (31) Wilczek,T (2597)-Roubaud,D (2575) ICCF email 2012}) 11. Qe2 {White has an edge.} Nc6 12. Nb3 $146 ({Predecessor:} 12. Nxc6 bxc6 13. Kb1 Rb8 14. g5 Nd7 15. h4 Nc5 16. h5 Qb7 17. b3 a5 {½-½ (17) Dovganenko,A (1823)-Shelykalin,V (2100) LSS email 2012}) 12... b5 13. f4 b4 14. Na4 $1 Nd7 15. Be3 Bb7 16. Kb1 ({White should try} 16. Qd2 $11) 16... Rc8 17. Bg2 Ncb8 $1 18. Qf2 Nc5 (18... Bd8 $15 19. e5 Bxg2 20. Qxg2 dxe5) 19. Nbxc5 $14 dxc5 20. c4 (20. f5 $16) 20... Nd7 $11 21. e5 Bc6 22. Qc2 O-O 23. Rd3 f6 24. Rhd1 $36 {[%mdl 2048] [#] Strongly threatening Bxc6. Black is under pressure.} Nb8 (24... Rfd8 $14) 25. exf6 $16 Rxf6 26. g5 Rf5 27. b3 Bf8 28. Bxc6 Qxc6 29. Rd8 (29. h4 $16) 29... Qc7 ({Black should play} 29... Rxd8 $14 30. Rxd8 Nd7) 30. Qd3 Rxd8 31. Qxd8 Qxd8 32. Rxd8 Nc6 33. Ra8 {Black must now prevent Bxc5.} Kf7 34. Kc2 (34. Rxa6 $16 Nd4 35. Ra7+ Kg6 36. Nb2) 34... e5 $14 35. fxe5 (35. Bxc5 Bxc5 36. Nxc5 exf4 $17) 35... Rxe5 (35... Nxe5 $14 36. Ra7+ (36. Bxc5 Bxc5 37. Nxc5 Rxg5 $11) (36. Rxa6 Ng4 $14) 36... Ke8) 36. Kd3 $16 ({But not} 36. Rxa6 $6 Rxe3 37. Rxc6 Re2+ 38. Kd3 Rxa2 $14) 36... Nd4 (36... Be7 $16 {keeps fighting.}) 37. Ra7+ $18 ({Don't take} 37. Rxa6 $6 Nf3 $16) 37... Kg6 38. Rxa6+ Ne6 (38... Kf5 $142 39. Nxc5 (39. Bxd4 cxd4 40. Nb6 Re3+ 41. Kxd4 Re4+ 42. Kd5 Be7 $18) 39... Nc2) 39. Bf4 Re1 $2 {[#]} (39... Kf5) 40. Bg3 Rd1+ 41. Ke4 $2 {Accuracy: White = 49%, Black = 38%.} (41. Kc2 $18 {has better winning chances.}) 1-0

[Event "IIFL Wealth 4th Mumbai GM"]
[Site "Mumbai"]
[Date "2019.01.02"]
[Round "4"]
[White "Movsziszian, Karen"]
[Black "Sangma, Rahul"]
[Result "1-0"]
[WhiteElo "2505"]
[BlackElo "2289"]
[Annotator "TA"]
[PlyCount "255"]
[EventDate "2018.12.30"]
[EventType "swiss"]
[EventCountry "IND"]
[SourceTitle "playchess.com"]
[Source "ChessBase"]
[SourceQuality "1"]

{[%evp 25,255,0,22,9,35,35,19,0,20,5,44,55,43,39,51,20,78,72,72,64,129,123,115,122,125,109,99,114,235,236,235,243,250,249,236,241,206,203,256,203,250,243,254,237,265,268,256,251,274,217,358,211,256,256,349,119,119,119,119,119,119,119,119,119,119,120,113,113,117,120,120,85,129,129,152,137,160,96,127,103,154,127,128,96,96,96,96,96,103,40,166,166,166,166,166,166,166,166,166,154,154,154,154,154,154,154,154,154,154,154,154,154,154,154,154,154,154,154,154,154,154,154,154,154,154,154,154,154,206,206,206,191,206,206,206,206,206,206,206,206,206,206,206,206,206,206,206,206,206,206,206,206,12847,12848,29937,29937,12846,12850,12848,12848,12849,12850,12849,29938,12849,206,206,206,206,206,29957,12395,29966,29965,29965,29965,29965,29967,29968,29968,29968,29970,29970,29969,29986,29987,29987,29979,29979,29979,29980,29981,29980,29973,29977,29974,29974,29971,29973,29974,29974,29975,29975,29972,29972,0,29975,29971,29972,29972,29972,0,29972,29971,29971,29971,29971,29970,29971,0,29965,0,4134,305,29977,29978,29984,29985,29985,29986,29987,29988]} 1. g3 e5 2. c4 Nf6 3. Bg2 d5 4. cxd5 Nxd5 5. Nf3 Nc6 6. O-O Be7 7. d4 exd4 8. Nxd4 Nxd4 9. Qxd4 Nf6 10. Qa4+ c6 11. e4 {A20: English Opening: 1...e5} (11. Rd1 Qb6 12. Be3 Bc5 13. Bxc5 Qxc5 14. b4 Qb6 15. Na3 O-O 16. Nc4 Qc7 17. Qa5 Qe7 18. Nb6 Rb8 19. Nxc8 Rfxc8 20. Qxa7 {½-½ (72) Tan,Z (2513)-Tokhirjonova,G (2435) Khanty-Mansiysk 2018}) 11... O-O 12. Nc3 Be6 13. h3 Qb6 {LiveBook: 3 Games} 14. Qc2 Rad8 15. Be3 Qa5 16. a3 Bd6 $146 ({Predecessor:} 16... Rd7 17. b4 Qc7 18. Rac1 a5 19. Bf4 Qd8 20. bxa5 Bxa3 21. Ra1 {½-½ (35) Heimberger,R (2313)-Hatzl,J (2131) Austria 2014}) 17. Rfe1 Be5 18. b4 Qa6 19. f4 $36 {[%mdl 2048] White has some pressure.} Bd4 20. f5 Bc4 (20... Bxe3+ $11 {keeps the balance.} 21. Rxe3 Bc4) 21. Bxd4 $16 Rxd4 22. e5 Nd5 ({Black should try} 22... Nd7 $1 $14) 23. Ne4 $1 Bd3 24. Qf2 Bxe4 25. Qxd4 Bxf5 26. a4 Qd3 (26... h5 $16 {is a better defense.}) 27. Qxd3 $18 Bxd3 {[#]} 28. b5 $1 {[%mdl 512]} Nb4 {intending ...Nc2.} (28... cxb5 29. Bxd5) 29. bxc6 bxc6 30. Rac1 Rc8 31. Rc5 Bc2 {Black wants to play ...Nd3.} 32. Ra1 Kf8 33. a5 Bf5 34. g4 Bd7 35. Rb1 Nd3 36. Rc3 Nxe5 37. Rb7 Ke8 (37... a6 {was called for.} 38. Ra7 c5 39. Rxa6 c4) 38. Rcb3 ({But not} 38. Rxa7 Kd8 $18) (38. Re3 $142 f6 39. Rxa7) 38... a6 39. Bf1 c5 40. Rb8 $2 (40. Bxa6 $18 {and the rest is easy.} c4 41. R3b5 $1 {[%mdl 512]} (41. Re3 f6 $16) 41... Bxb5 42. Rxb5 {[%mdl 64] Discovered Attack (Double check)}) 40... Rxb8 $16 41. Rxb8+ {[%mdl 4096] Endgame KRB-KBN} Ke7 42. Bxa6 Nc6 43. Rb5 Nb4 44. Rb6 {And now Bc4 would win.} Nc6 45. Bc4 Nxa5 46. Bd5 $1 {Hoping for Ra6.} c4 47. Ra6 Nb3 48. Ra7 Nc5 49. Bxc4 f6 50. Kf2 Kd6 51. Ke3 (51. Bg8 $142) 51... h6 52. Kd4 g6 (52... Ne6+ $142 53. Bxe6 Kxe6) 53. Ra5 Ne6+ 54. Bxe6 Bxe6 {KR-KB} 55. Ra6+ Ke7 56. Ra7+ Kf8 57. Kc5 ({Better is} 57. Rc7 $16) 57... h5 {[#]} (57... g5 $14) 58. Kd6 $1 $18 {[%cal Rd6e6]} Bc4 59. gxh5 gxh5 60. h4 Bb3 61. Rb7 Bc4 62. Rb4 Be2 63. Ke6 Kg7 64. Rb7+ Kg6 65. Rb6 Kg7 66. Ke7 f5 67. Rf6 Bg4 68. Rf8 Bh3 69. Rf7+ Kg6 70. Rf6+ Kg7 71. Ke6 Bg4 72. Ke5 Bh3 73. Ra6 Kf7 74. Kf4 Bg4 75. Kg5 Ke7 76. Rf6 Ke8 (76... Bh3 $16 77. Rb6 Bg4) 77. Kf4 Ke7 78. Ke5 Bh3 79. Rh6 Bg4 80. Rh7+ Ke8 81. Ra7 Bh3 82. Rb7 Bg4 83. Rh7 Kd8 84. Ke6 f4+ 85. Kd6 {[%cal Rh7h8]} Ke8 86. Re7+ Kf8 87. Re4 f3 88. Rf4+ Kg8 $2 (88... Ke8 89. Rf6 Bd7 90. Rxf3 Bg4) 89. Ke7 Kg7 90. Rf6 f2 91. Rxf2 Kg6 92. Kd6 Bh3 93. Ke5 Bg4 94. Rf6+ (94. Rf4 $18 Kg7 95. Kd6) 94... Kg7 95. Rb6 $2 (95. Rf1 Be2 96. Rf2) 95... Be2 96. Kf5 Bg4+ 97. Kg5 Bd1 $2 (97... Kf7 $18 98. Rb5 Ke6) 98. Rb7+ (98. Rb4 $142 Bg4 99. Re4 Kf7 100. Re1 Kg8 101. Re7 Bf3 102. Kg6 Bc6 103. Kxh5) 98... Kg8 99. Kg6 {[%cal Rb7b8]} Kf8 {[#]} 100. Rb4 $1 {[%cal Rb4f4]} Bg4 101. Re4 Bd1 102. Re5 Bc2+ 103. Kxh5 Kg7 104. Kg5 Bg6 105. Re7+ Bf7 106. Ra7 Kg8 107. Kh6 Bc4 108. Rg7+ Kh8 109. Rh7+ Kg8 110. Rc7 Bd3 111. Rc8+ Kf7 112. Rc3 Be4 113. Rg3 Bc2 114. Rg7+ Kf8 115. Rg3 Kf7 116. Rg2 Bd3 117. Rg1 Kf8 118. Rg2 Kf7 119. Rd2 Be4 120. Re2 Bd3 121. Rg2 Kf8 122. Rg7 Bc2 $1 123. Rg3 (123. Rg5 $142 Bd3 124. h5 Kf7 125. Rd5 Bc2 126. Kg5 Bh7 127. Rd7+ Kg8 128. Rc7) 123... Kf7 124. Rg5 $2 (124. Kh5 Kf6 125. Rf3+ Kg7 126. Kg5) 124... Kf8 $2 (124... Bd3 $18 125. h5 Bb1) 125. Kh5 {White mates.} Bd1+ 126. Kg6 Kg8 127. Rc5 {[%cal Rc5c8]} Bg4 128. Rb5 {Accuracy: White = 63%, Black = 51%.} 1-0

[Event "IIFL Wealth 4th Mumbai GM"]
[Site "Mumbai"]
[Date "2019.01.02"]
[Round "4"]
[White "Visakh N R"]
[Black "Chanda, Sandipan"]
[Result "1/2-1/2"]
[WhiteElo "2491"]
[BlackElo "2555"]
[Annotator "TA"]
[PlyCount "81"]
[EventDate "2018.12.30"]
[EventType "swiss"]
[EventCountry "IND"]
[SourceTitle "playchess.com"]
[Source "ChessBase"]
[SourceQuality "1"]

{[%evp 16,81,22,28,28,27,23,18,24,10,24,12,16,20,10,-3,2,-36,-12,-9,-6,-35,-27,-30,-12,-18,-8,-11,-3,-42,-30,-35,-22,-11,0,0,0,-46,-2,-2,-2,-2,-2,-14,-12,-15,0,0,0,-7,-6,-6,-6,-6,-6,-6,-6,-7,0,0,0,0,0,0,0,0,0,0]} 1. Nf3 f5 2. g3 Nf6 3. Bg2 g6 4. b3 Bg7 5. Bb2 O-O 6. O-O {A04: Unusual lines after 1 Nf3 and King's Indian Attack} b6 7. c4 Bb7 8. d4 e6 9. Nc3 {LiveBook: 24 Games} d5 10. Ne5 $146 ({Predecessor:} 10. e3 Nbd7 11. Rc1 c6 12. Ne2 Qe7 13. Nf4 Ne4 14. h4 {0-1 (36) Cvitan,O (2478)-Anton Guijarro,D (2651) Germany 2018}) 10... Nbd7 11. Nd3 c6 12. e3 Re8 13. cxd5 exd5 14. b4 Ne4 15. Rc1 Ba6 16. Re1 Bc4 17. a4 a6 18. Ba3 b5 19. a5 Rb8 20. Bb2 Bxd3 21. Qxd3 Nd6 22. Nb1 {[%cal Bc3b1,Bb1d2,Bd2b3,Bb3c5][%mdl 32]} Nc4 23. Bc3 Nf6 24. Nd2 Bh6 25. Nb3 Ne4 26. f4 Bg7 27. Bxe4 {The position is equal.} fxe4 28. Qe2 Ra8 29. Qg4 Ra7 30. Nc5 Qe7 31. Rc2 Qf7 32. Rf2 h5 33. Qh3 Qf5 34. Qxf5 gxf5 35. Rg2 Kf7 36. Kf2 Bf6 37. h3 Rh8 38. Reg1 Rh7 39. Ke2 Rh8 40. Kf2 Rh7 41. Ke2 {Accuracy: White = 70%, Black = 63%.} 1/2-1/2

[Event "IIFL Wealth 4th Mumbai GM"]
[Site "Mumbai"]
[Date "2019.01.02"]
[Round "4"]
[White "Rahman, Ziaur"]
[Black "Saurabh Anand"]
[Result "1-0"]
[WhiteElo "2468"]
[BlackElo "2246"]
[Annotator "TA"]
[PlyCount "77"]
[EventDate "2018.12.30"]
[EventType "swiss"]
[EventCountry "IND"]
[SourceTitle "playchess.com"]
[Source "ChessBase"]
[SourceQuality "1"]

{[%evp 15,77,-13,-12,-33,-18,-54,-52,-60,-29,-27,0,-2,-7,-32,0,-4,11,-28,-34,-52,-43,-55,-42,-80,-41,-53,-52,-69,-43,-89,-89,-99,-94,-106,-106,-106,-56,-106,-106,-106,-63,-66,-49,-70,0,0,0,0,0,-61,-61,-57,-58,-68,274,229,958,598,2777,2541,1977,1909,1777,1579]} 1. Nf3 d5 2. g3 {[%cal Bg2g3,Bg3g4][%mdl 32]} Bg4 3. Bg2 Nd7 4. d3 c6 5. h3 Bh5 6. g4 {A07: Réti Opening: New York and Capablanca Systems} Bg6 7. Nh4 e6 8. Nxg6 hxg6 {LiveBook: 13 Games} 9. Nc3 Bd6 10. Be3 $146 ({Predecessor:} 10. Bd2 Ne7 11. e3 g5 12. Qe2 Qc7 13. O-O-O O-O-O {0-1 (31) Lavrov,S (2364)-Sitnikov,D (2474) Kemerovo 2013}) 10... Ngf6 11. Qd2 b5 (11... e5 {feels hotter.} 12. d4 O-O 13. f4 exf4 14. Bxf4 Nb6) 12. Bf4 Qc7 (12... Bxf4 {keeps more tension.} 13. Qxf4 a5 14. e4 e5 15. Qd2 d4) 13. Bxd6 Qxd6 14. e3 e5 15. Ne2 Nc5 16. Ng3 Ne6 17. Qe2 a5 18. a3 Rb8 19. Qd2 Ra8 20. a4 b4 21. b3 d4 22. Ne4 Nxe4 23. Bxe4 Rh4 24. O-O-O Kd7 25. Bg2 f6 26. Kb1 g5 27. Qe2 Ke7 28. Be4 Qc5 29. Qf3 Ra6 ({Better is} 29... Rd8 $15) 30. Rde1 $11 Qc3 31. Re2 Rb6 32. Qf5 (32. Bf5 $11 Nc5 33. exd4 Nxa4 34. Kc1 (34. bxa4 $2 b3 $19)) 32... Rh6 33. Qf3 Nc5 {aiming for ...Nxa4!} 34. Bxc6 {Strongly threatening Bd5.} e4 $2 {[%mdl 8192] [#]} (34... Nxd3 $15 {keeps the upper hand.} 35. cxd3 Rxc6 36. exd4 Rd6 37. dxe5 Qxb3+ {[%mdl 64] Double Attack} 38. Ka1 Qc3+ 39. Kb1 Qxd3+ 40. Qxd3 Rxd3) 35. exd4 $1 $18 Kf7 $2 (35... Kf8 36. Qg3 (36. Bxe4 Nxa4 37. Kc1 Qb2+ 38. Kd2 Nc5 $11) 36... exd3 37. Qd6+ {[%mdl 64] Double Attack} (37. dxc5 dxc2+ 38. Rxc2 Qxg3 $14) 37... Kg8 38. dxc5 Rxc6 39. Qxc6 dxe2 40. Qe8+ Kh7) 36. Bxe4 {White is clearly winning.} Qxd4 37. Bd5+ Kf8 38. Rhe1 {[%csl Ge1][%cal Re2e8]} Rb8 39. Re7 {Accuracy: White = 39%, Black = 35%.} 1-0

[Event "IIFL Wealth 4th Mumbai GM"]
[Site "Mumbai"]
[Date "2019.01.02"]
[Round "4"]
[White "Ankit, R. Rajpara"]
[Black "Mehdi Hasan Parag"]
[Result "1-0"]
[WhiteElo "2465"]
[BlackElo "2218"]
[Annotator "TA"]
[PlyCount "67"]
[EventDate "2018.12.30"]
[EventType "swiss"]
[EventCountry "IND"]
[SourceTitle "playchess.com"]
[Source "ChessBase"]
[SourceQuality "1"]

{[%evp 20,67,0,-11,35,37,40,28,21,26,30,20,54,40,27,6,48,45,51,47,46,53,71,77,105,79,100,109,108,77,111,118,108,104,195,229,271,270,343,325,248,160,727,725,718,716,709,693,670,631]} 1. d4 Nf6 2. Nf3 d5 3. c4 e6 4. Nc3 Bb4 5. Qa4+ Nc6 6. e3 O-O 7. Qc2 {D38: Queen's Gambit Declined: Ragozin Defence (4 Nf3 Bb4)} (7. Bd2 dxc4 8. Bxc4 Bd6 9. e4 e5 10. dxe5 Nxe5 11. Nxe5 Bxe5 12. O-O-O Qe8 13. Qxe8 Rxe8 14. f3 Be6 15. Bxe6 Rxe6 {½-½ (67) Navara,D (2727)-Harikrishna,P (2732) Prague 2018}) 7... Re8 8. a3 Bd6 9. Bd2 a6 10. Bd3 dxc4 11. Bxc4 {LiveBook: 5 Games} e5 $146 ({Predecessor:} 11... h6 12. O-O e5 13. h3 e4 14. Ne1 Bf5 {1-0 (54) Leitao,R (2616)-Shengelia,D (2573) Baku 2016}) 12. Ng5 Rf8 13. Nd5 {[#] Nxf6+ would kill now.} g6 {aiming for ...Nxd5.} 14. Nxf6+ Qxf6 15. Ne4 Qe7 16. Nxd6 cxd6 17. dxe5 Nxe5 {White should prevent ...Bf5.} 18. Be2 Bf5 19. e4 Rac8 20. Bc3 Bg4 21. O-O Rc6 22. Rad1 Rfc8 23. Bxg4 Nxg4 24. Qd3 Qh4 {[%csl Gg4][%cal Rh4h2] [#]} 25. h3 $1 {[%cal Rh3g4]} Ne5 26. Qd4 f6 (26... g5 $16) 27. f4 $18 Nc4 28. Rf3 ({Inferior is} 28. Qxf6 Qxf6 29. Bxf6 Ne3 $15) 28... Rf8 29. Qd5+ Kg7 30. Bd4 {Strongly threatening e5.} Re8 $2 (30... Qh5 $16 31. Qe6 d5 32. Qxd5 Qxd5 33. exd5 Rcc8) 31. Rb3 {White is clearly winning.} Rc7 32. Rxb7 Ree7 33. Rxc7 Rxc7 34. Rc1 {Accuracy: White = 65%, Black = 29%.} 1-0

[Event "IIFL Wealth 4th Mumbai GM"]
[Site "Mumbai"]
[Date "2019.01.02"]
[Round "4"]
[White "Sundararajan, Kidambi"]
[Black "Navalgund, Niranjan"]
[Result "1/2-1/2"]
[WhiteElo "2458"]
[BlackElo "2240"]
[Annotator "TA"]
[PlyCount "99"]
[EventDate "2018.12.30"]
[EventType "swiss"]
[EventCountry "IND"]
[SourceTitle "playchess.com"]
[Source "ChessBase"]
[SourceQuality "1"]

{[%evp 24,99,48,41,42,6,16,13,9,0,22,31,20,14,24,15,20,0,0,0,0,0,0,-58,-56,-38,-45,-88,-85,-85,-85,-79,-82,-88,-96,-94,-92,-81,-85,-85,-49,-89,-81,-80,-68,-101,-102,-115,0,-91,-79,-84,-25,-18,-21,-27,-22,-21,0,-71,-67,-102,-97,-98,-90,-97,-96,-100,0,0,0,0,0,0,0,0,0,0]} 1. Nf3 Nf6 2. c4 g6 3. g3 Bg7 4. Bg2 O-O 5. O-O d6 6. d4 c6 7. Nc3 Bf5 8. Nh4 Be6 9. d5 cxd5 10. cxd5 Bd7 11. Be3 Qa5 {E62: King's Indian: Fianchetto: 6...c6 and Panno Variation (6...Nc6) without ...a6} 12. Bd4 Rc8 13. a3 {LiveBook: 3 Games} Qd8 {[#] White is slightly better.} 14. e4 $146 ({Predecessor:} 14. h3 Na6 15. e4 Rc4 16. e5 Ne8 17. Nf3 Nc5 18. Re1 Rxd4 19. Nxd4 dxe5 {½-½ (32) Zubov,A (2612)-Nevednichy,V (2524) Konya 2017}) 14... e5 15. dxe6 Bxe6 16. Nd5 Nxd5 17. exd5 Bd7 18. Re1 Na6 {[%cal Bb8a6,Ba6c5,Bc5a4,Ba4b6][%mdl 32]} 19. Nf3 Nc5 20. Bxg7 Kxg7 21. b4 Na4 22. Qd4+ Qf6 $1 23. Re7 (23. Qxf6+ $11 Kxf6 24. h4) 23... Nb6 $1 $15 24. Rae1 Re8 25. h4 Rxe7 26. Rxe7 Qxd4 27. Nxd4 Rc8 28. Nb3 Kf8 29. Re1 Nc4 30. Ra1 Ba4 31. Nd4 Nb6 32. Bf1 Rc3 33. Ne2 Rc2 34. Nf4 Bb3 35. Rb1 Ba4 36. Ra1 $1 Rd2 37. Rc1 Nxd5 (37... h6 $17) 38. Nxd5 $11 Rxd5 $17 {[%mdl 4096] Endgame KRB-KRB} 39. Bg2 Rd3 40. Rc8+ Kg7 41. Rc7 (41. Ra8 $1 $11) 41... Rxa3 42. Rxb7 Ra1+ 43. Kh2 Bb3 $1 44. Rd7 {[#]} Ra6 $1 45. b5 {[#]} Rb6 (45... Be6 $1 $17 46. Rxf7+ Bxf7 47. bxa6 Kf6) 46. Bf1 $11 {The position is equal.} d5 47. Rxa7 Bc4 48. Bxc4 dxc4 49. Rc7 Rxb5 50. Rxc4 {Accuracy: White = 53%, Black = 78%.} 1/2-1/2